Toutes les communes du canton de Doué-en-Anjou (49) - Statistiques

Statistiques générales
  • Ce quiz a été pris 26 fois
    25 depuis la dernière actualisation
  • Le résultat moyen est 9 sur 19
Réponses sur la Carte
Les réponses sont colorées sur une échelle allant du rouge au vert en fonction du pourcentage des utilisateurs qui les ont devinées à leur premier essai. Vous pouvez retrouver ces pourcentages ci-dessous.
 
Statistiques - réponses
Commune % Correct
Doué-en-Anjou
92%
Dénezé-sous-Doué
67%
Gennes-Val-de-Loire (fraction)
67%
Le Puy-Notre-Dame
67%
Montreuil-Bellay
67%
Antoigné
50%
Cizay-la-Madeleine
50%
Les Ulmes
50%
Louresse-Rochemenier
50%
Bellevigne-les-Châteaux
42%
Brissac Loire Aubance (fraction)
42%
Brossay
42%
Épieds
42%
Tuffalun
42%
Courchamps
33%
Le Coudray-Macouard
33%
Saint-Just-sur-Dive
33%
Saint-Macaire-du-Bois
33%
Vaudelnay
33%
Aucun quiz correspondant
Distribution des résultats
% des personnes avec chaque résultat
Percentile par nombre de réponses
Votre historique - résultats
Vous n’avez pas pris ce quiz depuis la dernière actualisation